000 00553nam a2200133Ia 4500
008 160809s9999 xx 000 0 und d
100 _aNonis, Karen P.
245 _aBEGINNER PRE-SERVICE SPECIAL EDUCATION TEACHERS´ LEARNING EXPERIENCE DURING PRACTICUM
245 _cKaren P. Nonis, Tan Sing Yee Jernice Nanyang Technological University Nanyang Technological University.
260 _bInternational Journal of Special Education
260 _c2011
650 _xSPECIAL EDUCATION
856 _uhttp://www.internationaljournalofspecialed.com/issues.php
999 _c300444
_d300444